| 000 | 01481cam a2200421 4500 | ||
|---|---|---|---|
| 001 | 21733 | ||
| 003 | VRT | ||
| 005 | 20260309105545.0 | ||
| 008 | 210408s2021 xo af br 000 j slo | ||
| 015 | _aSNBA2022/09 | ||
| 020 |
_a9788080886585 _q(viazané) |
||
| 039 | 9 |
_a202209141418 _bmsnk167 _c202205041447 _dmsnk04 _c202108261407 _dAUTHORITY _c202108261345 _dAUTHORITY |
|
| 040 |
_aTTKJF _bslo _cTTKJF _dSNK _erda |
||
| 041 | 0 | _aslo | |
| 044 |
_axo _cSK |
||
| 072 | 7 |
_a821.162.4-3 _xSlovenská próza _2konspekt |
|
| 080 |
_a821.162.4-32 _22011 |
||
| 080 |
_a82-93-053.4/.5 _22011 |
||
| 100 | 1 |
_aMislovičová, Sibyla, _d1958- _4aut |
|
| 245 | 1 | 0 |
_aPo čom piští školáčikova dušička _cSibyla Mislovičová |
| 250 | _aVydanie prvé | ||
| 264 | 1 |
_aBratislava _bMatys _c2021 |
|
| 300 |
_a48 strán _bfarebné ilustrácie, farebné ilustrované listy _c21 cm |
||
| 336 |
_atext _btxt _2rdacontent |
||
| 336 |
_astatický obraz _bsti _2rdacontent |
||
| 337 |
_abez média _bn _2rdamedia |
||
| 338 |
_azväzok _bnc _2rdacarrier |
||
| 490 | 1 | _aPrvé čítanie | |
| 655 | 7 |
_aslovenské príbehy _2SNKPH |
|
| 655 | 7 |
_aliteratúra pre deti _2SNKPH |
|
| 655 | 7 |
_aSlovak stories _2SNKPHeng |
|
| 655 | 7 |
_aChildren’s literature _2SNKPHeng |
|
| 700 | 1 |
_aŠefranková, Michaela _4ill |
|
| 830 | 0 | _aPrvé čítanie | |
| 942 |
_2ddc _cKLDE _n0 |
||
| 949 |
_617A1482533 _asnkSC 197229 _bsnk2022/6789 _o409/2022 _s6100:20221214 |
||
| 949 |
_617A1482534 _asnkSC 197229 D1 _bsnk2022/6790 _o409/2022 |
||
| 999 |
_c21733 _d21733 |
||